Postacie z "Gry O Tron" - Statystyki

Ogólne statystyki
  • Ten quiz został rozwiązany 188 razy
    168 od ostatniego zresetowania
  • Średni wynik to 30 z 61
Statystyki odpowiedzi
Hint Odpowiedź % Poprawnych
Arryn Jon
93%
Baratheon Robert
87%
Stark Sansa
85%
Lannister Tyrion
85%
Lannister Cersei
81%
Lannister Tywin
78%
Stark Robb
76%
Stark Bran
75%
Clegane Sandor
74%
Bolton Ramsay
73%
Greyjoy Theon
73%
Lannister Joffrey
72%
Baratheon Stannis
72%
Clegane Gregor
67%
Stark Aria
66%
Targaryen Daenerys
66%
Stark Eddard
66%
Lannister Jaime
66%
Baratheon Renly
61%
Martell Oberyn
60%
Lannister Tommen
58%
Smoki Drogon
57%
Targaryen Viserys
57%
Wilkor Duch
56%
Tarly Samwell
55%
Stark Catelyn
54%
Stark Rickon
54%
Frey Walder
53%
Arryn Lysa
49%
Wilkor Dama
48%
Smoki Viserion
48%
Targaryen Aegon
47%
Wilkor Nymeria
47%
Lannister Myrcella
45%
Bolton Roose
45%
Greyjoy Yara
44%
Wilkor Lato
40%
Tyrell Olenna
40%
Greyjoy Balon
38%
Greyjoy Euron
38%
Lannister Lancel
38%
Tyrell Loras
38%
Arryn Robin
37%
Targaryen Aemon
36%
Tyrell Margaery
34%
Payne Podrick
34%
Targaryen Aerys
33%
Payne Ilyn
32%
Smoki Rhaegar
32%
Tarly Dickon
31%
Wilkor Kudłacz
30%
Wilkor Szary Wicher
30%
Targaryen Rhaegal
29%
Stark Benjen
28%
Stark Lyanna
25%
Baratheon Shireen
24%
Martell Elia
22%
Tarly Randyll
20%
Martell Trystane
17%
Martell Dorian
12%
Lannister Joanna
11%
Nie znaleziono quizów pasujących do podanych kryteriów
Rozkład punktacji
Procent ludzi z każdym wynikiem
Percentyl według liczby udzielonych odpowiedzi
Twoja historia wyników
Nie rozwiązałeś tego quizu od ostatniego zresetowania